<?xml version="1.0" encoding="UTF-8"?>
<record
    xmlns:xsi="http://www.w3.org/2001/XMLSchema-instance"
    xsi:schemaLocation="http://www.loc.gov/MARC21/slim http://www.loc.gov/standards/marcxml/schema/MARC21slim.xsd"
    xmlns="http://www.loc.gov/MARC21/slim">

  <leader>01339nab a2200217 i 4500</leader>
  <controlfield tag="001">BPP</controlfield>
  <controlfield tag="003">BPK</controlfield>
  <controlfield tag="005">20150529135646.0</controlfield>
  <controlfield tag="008">15.052s2000    pl  |  |     |000 ||pol</controlfield>
  <datafield tag="040" ind1=" " ind2=" ">
    <subfield code="c">BPK</subfield>
  </datafield>
  <datafield tag="080" ind1=" " ind2=" ">
    <subfield code="a">639.22</subfield>
  </datafield>
  <datafield tag="100" ind1=" " ind2=" ">
    <subfield code="a">D&#x141;UBAKOWSKA-PUZIO, Ewa Katarzyna.</subfield>
    <subfield code="d">1998 - .</subfield>
    <subfield code="b">Politechnika Koszali&#x144;ska - Wydzia&#x142; Ekonomii i Zarz&#x105;dzania,</subfield>
    <subfield code="c">Katedra Marketingu i Bada&#x144; Rynkowych</subfield>
  </datafield>
  <datafield tag="245" ind1=" " ind2=" ">
    <subfield code="a">Rybo&#x142;&#xF3;wstwo ba&#x142;tyckie i przetw&#xF3;rstwo rybne u progu wej&#x15B;cia Polski do Unii Europejskiej /</subfield>
    <subfield code="c">Ewa Katarzyna D&#x142;ubakowska.</subfield>
  </datafield>
  <datafield tag="260" ind1=" " ind2=" ">
    <subfield code="c">2000.</subfield>
  </datafield>
  <datafield tag="500" ind1=" " ind2=" ">
    <subfield code="a">Dane z autopsji.</subfield>
  </datafield>
  <datafield tag="520" ind1=" " ind2=" ">
    <subfield code="a">Artyku&#x142; zwraca uwag&#x119; na to, &#x17E;e polskie rybo&#x142;&#xF3;wstwo morskie stanowi wa&#x17C;n&#x105; cz&#x119;&#x15B;&#x107; gospodarki morskiej i w szczeg&#xF3;lny spos&#xF3;b jest zwi&#x105;zane z r&#xF3;&#x17C;nymi ga&#x142;&#x119;ziami gospodarki narodowej, tj. z przemys&#x142;em elektromaszynowym, stoczniowym, drzewnym, paliwowym, chemicznym, spo&#x17C;ywczym i innym. Zwraca uwag&#x119; tak&#x17C;e na konieczno&#x15B;&#x107; przestrzegania zasady "racjonalnej gospodarki zasobami" w prowadzeniu dzia&#x142;alno&#x15B;ci rybackiej w zwi&#x105;zku z integracj&#x105; i cz&#x142;onkostwem Polski w Unii Europejskiej.</subfield>
  </datafield>
  <datafield tag="650" ind1=" " ind2=" ">
    <subfield code="a">Rybo&#x142;&#xF3;wstwo morskie.</subfield>
  </datafield>
  <datafield tag="650" ind1=" " ind2="0">
    <subfield code="a">Przemys&#x142; rybny.</subfield>
  </datafield>
  <datafield tag="773" ind1=" " ind2=" ">
    <subfield code="i">W :</subfield>
    <subfield code="t">Koszali&#x144;skie Studia i Materia&#x142;y. -</subfield>
    <subfield code="d">Koszalin : Wydaw. Uczelniane Politechniki Koszali&#x144;skiej, 2000. -</subfield>
    <subfield code="g">nr 2, s. 177-184</subfield>
  </datafield>
  <datafield tag="942" ind1=" " ind2=" ">
    <subfield code="c">ART</subfield>
    <subfield code="2">UKD</subfield>
  </datafield>
  <datafield tag="999" ind1=" " ind2=" ">
    <subfield code="c">4351</subfield>
    <subfield code="d">4351</subfield>
  </datafield>
  <datafield tag="952" ind1=" " ind2=" ">
    <subfield code="0">0</subfield>
    <subfield code="1">0</subfield>
    <subfield code="4">0</subfield>
    <subfield code="7">0</subfield>
    <subfield code="a">BPK</subfield>
    <subfield code="b">BPK</subfield>
    <subfield code="o">0856</subfield>
    <subfield code="y">ART</subfield>
  </datafield>
</record>
